00710nam a2200157Ia 4500008004100000020001800041050002200059100002300081245011100104260004600215300001400261440003100275500010400306650007000410700007200480120720s9999 xx 000 0 und d a0-7879-0169-5 aHD30.28 M.67 1996 aMORRISEY GEORGEL . aPLANEACION A LARGO PLAZO: CREANDO SU PROPIA ESTRATEGIA/GEORGEL. MORRISEY, SERGIO SAMUEL CORNEJO REYES TR. aMEXICO: PRINTICE-HALL HISPANOAMERICA 1996 a109p/23cm aJOSSEY BASS ADMINISTRACION aTRADUCCIONN DE LONG-RANGE PLANNING CREATING YOUR STRATETEGI JOUNEY, INCLUYE REFERNCIA BIBLIOGRAFICA aPLANIFICACION , PLANIFICACION- ESTRATEGIA, PLANEACION DE NEGOCIOS aCORNEJO REYES SERGIO MANUAL TR, RODRIGUEZ RODRIGUEZ JORGE. TRÌÌ